Loading...
Current Events | 4 | 12.50 | 100% | 50% | 0% |
Fine Arts - Classical Music | 5 | 18.00 | 100% | 60% | 20% |
Fine Arts - Other Fine Arts | 9 | 11.11 | 100% | 11% | 0% |
Fine Arts - Painting & Sculpture | 7 | 12.86 | 100% | 14% | 14% |
Geography | 3 | 16.67 | 100% | 33% | 33% |
History - American History | 8 | 16.25 | 100% | 38% | 25% |
History - European History | 8 | 11.25 | 75% | 25% | 13% |
History - Other History | 6 | 11.67 | 100% | 17% | 0% |
History - World History | 7 | 7.14 | 57% | 0% | 14% |
Literature - American Literature | 8 | 12.50 | 100% | 13% | 13% |
Literature - British Literature | 8 | 11.25 | 100% | 13% | 0% |
Literature - European Literature | 6 | 11.67 | 100% | 0% | 17% |
Literature - World Literature | 9 | 12.22 | 100% | 22% | 0% |
Mythology | 4 | 15.00 | 100% | 50% | 0% |
Other Academic | 6 | 15.00 | 100% | 50% | 0% |
Philosophy | 8 | 8.75 | 63% | 13% | 13% |
Religion | 2 | 15.00 | 100% | 50% | 0% |
Science - Biology | 6 | 15.00 | 100% | 33% | 17% |
Science - Chemistry | 6 | 15.00 | 100% | 33% | 17% |
Science - Other Science | 8 | 17.50 | 75% | 75% | 25% |
Science - Physics | 8 | 16.25 | 100% | 50% | 13% |
Social Science | 6 | 11.67 | 100% | 0% | 17% |